Tutti gli Stati che hanno controllato Samarcanda - Statistics

Statistiche generali
  • Questo quiz è stato fatto 5 volte
  • Il punteggio medio è 11 su 34
Statistiche sulle risposte
con Immagini Hint Risposta % Corretto
546 a.C. - 329 a.C. Impero Achemenide
100%
329 a.C. - 323 a.C. Impero Macedone
80%
323 a.C. - 256 a.C. Impero Seleucide
60%
750 - 875 Califfato Abbàside
40%
~700 a.C. - 546 a.C. Civiltà Sogdiana
40%
661 - 710 Dinastia Tang
40%
1220 - 1266 Impero Mongolo
40%
1873 - 1917 Impero Russo
40%
260 - 350 Impero Sasanide
40%
375 - 457 Impero Sasanide
40%
1089 - 1141 Impero Selgiuchide
40%
1370 - 1500 Impero Timuride
40%
1991 - Oggi Repubblica dell'Uzbekistan
40%
1917 Repubblica Russa
40%
1922 - 1991 Unione Sovietica
40%
710 - 750 Califfato Omàyyade
20%
1756 - 1873 Emirato di Bukhara
20%
1917 - 1918 Governatorato Provvisorio del Turkestan Autonomo
20%
1212 - 1220 Impero Corasmio
20%
1141 - 1212 Impero Kara Khitay
20%
30 - 260 Impero Kushan
20%
875 - 999 Impero Samanide
20%
603 - 661 Khaganato Turco Occidentale
20%
1266 - 1370 Khanato Chagatai
20%
1501 - 1756 Khanato di Bukhara
20%
999 - 1089 Khanato Karakhanide
20%
1500 - 1501 Khanato Shaybanide
20%
560 - 603 Primo Khaganato Turco
20%
256 a.C. - 120 a.C. Regno Greco-Battriano
20%
1918 - 1922 Repubblica Sovietica Popolare di Bukhara
20%
509 - 560 Tribù degli Eftaliti
20%
350 - 375 Tribù dei Chioniti
20%
457 - 509 Tribù dei Kidariti
20%
120 a.C. - 30 Tribù dei Tocari
20%
Nessun quiz corrispondente trovato
Distribuzione punteggi
Percentuale di utenti per punteggio
Percentile per numero di risposta
I tuoi punteggi nel tempo
Non hai fatto questo quiz